000 00316nam a2200133Ia 4500
005 20260328101506.0
008 260328s9999||||xx |||||||||||||| ||und||
100 _aMasini, Lara V.
245 0 _aAntoni Gaudí /
_cLara V. Masini
260 _bEdiciones Nauta
300 _a95 p.
650 _aARQUITECTOS
942 _cBK
999 _c9028
_d9028